000 00558nam a2200193Ia 4500
005 20250508164901.0
008 008 250505s9999 xx 000 0 eng d
037 _aDissertations
040 _aFEDL
_beng
_cFEDL
041 _aeng
_2eng
084 _a375.32, SHA/DI
_qFEDL
100 _aShailja
245 0 _aRole of civics in promoting international understanding among students
260 _c2003
300 _a65p.
546 _aM. Ed. Dissertation (Delhi University)
942 _cDIS
_h375.32, SHA/DI
999 _c1391784
_d1391784